Associez la ville au pays - cliquez (version facile) - Statistiques

Statistiques générales
  • Ce quiz a été pris 149 fois
  • Le résultat moyen est 13 sur 15
Statistiques - réponses
Hint Réponse % Correct
Delhi Inde
97%
Sydney Australie
95%
Rio de Janeiro Brésil
92%
Cracovie Pologne
92%
Porto Portugal
91%
Copenhague Danemark
90%
Dubaï Émirats arabes unis
90%
Houston États-Unis
90%
Stuttgart Allemagne
86%
Riyad Arabie Saoudite
86%
Johannesburg Afrique du Sud
85%
Jakarta Indonésie
83%
Göteborg Suède
78%
San José Costa Rica
74%
Belmopan Belize
73%
Aucun quiz correspondant
Distribution des résultats
% des personnes avec chaque résultat
Percentile par nombre de réponses
Votre historique - résultats
Vous n’avez pas pris ce quiz